00337nam a22000977a 4500008004100000020001500041050002200056245009200078260005100170300001800221000530s1999 ke b 000 0 eng  a996621449600aBX 1682b.K4 199900aOn The Economy Of Kenya: Pastoral Letter Of The Catholic Bishops Of Kenya, June, 1999.  aNairobi:bPaulines Publications Africa,c1999. a24 p.c21 cm.